Optimal Fiscal Policy in the Presence of VAT Evasion: The Case of Bulgaria

Fiškálny význam príjmov z DPH v Bulharsku (1997-2012). Analýza vplyvu fiškálnej politiky v prítomnosti kanálu na únik DPH. Porovnanie a kontrast exogénneho režimu a prípadu optimálnej fiškálnej politiky (Ramsey).

Salvato in:
Dettagli Bibliografici
Autore principale: Vasilev Aleksandar
Natura: Capitolo di libro
Lingua:inglese
Soggetti:
Tags: Aggiungi Tag
Nessun Tag, puoi essere il primo ad aggiungerne!!

MARC

LEADER 00000nla a2200000 4500
001 0247530
005 20240417075145.1
041 0 |a eng 
044 |a CZ 
245 1 0 |a Optimal Fiscal Policy in the Presence of VAT Evasion: The Case of Bulgaria  |c Vasilev Aleksandar 
520 |a Fiškálny význam príjmov z DPH v Bulharsku (1997-2012). Analýza vplyvu fiškálnej politiky v prítomnosti kanálu na únik DPH. Porovnanie a kontrast exogénneho režimu a prípadu optimálnej fiškálnej politiky (Ramsey). 
610 2 0 |a dane 
610 2 0 |a výnosy daňové 
610 2 0 |a dane z hodnoty pridanej 
610 2 0 |a dane spotrebné 
610 2 0 |a dane z príjmov 
610 2 0 |a únik daňový 
610 2 0 |a ekonomika tieňová 
610 2 0 |a politika fiškálna 
610 2 0 |a optimalizácia 
610 2 0 |a rovnováha 
610 2 0 |a modelovanie 
610 2 0 |a modely rovnováhy 
610 2 0 |a Bulharsko 
100 1 |a Vasilev Aleksandar